000 00794nam a2200181Ia 4500
008 151018s9999 xx 000 0 und d
082 _bRBASDV5133
_a891.434
100 _aहारकनैस जुनियर आर्लबर्ट
245 _aअमेरिकी संस्कृती कि रूपरेषा
250 _b1
260 _bरविंद्र प्रकाशन
_c1962
300 _a87
600 _aहारकनैस जुनियर आर्लबर्ट
630 _aअमेरिकी संस्कृती कि रूपरेषा
700 _aहारकनैस जुनियर आर्लबर्ट
730 _aअमेरिकी संस्कृती कि रूपरेषा
942 _cBOOK
999 _c1007517
_d1007514